Statistics for The Cleanest Countries in the World

Click here to take the quiz!

General Stats

  • This quiz has been taken 100 times
  • The average score is 17 of 20

Answer Stats

PlaceEPICountry% Correct
1.77.90Denmark
97%
5.72.70Sweden
97%
3.76.50Finland
96%
20.59.30Norway
96%
10.62.80Iceland
93%
9.65.90Switzerland
93%
12.62.50France
92%
13.62.40Germany
92%
11.62.60Netherlands
92%
8.66.50Austria
90%
2.77.70United Kingdom
90%
6.72.30Luxembourg
87%
15.61.10Latvia
81%
14.61.40Estonia
80%
7.67.30Slovenia
79%
17.60.10Australia
78%
18.60.00Slovakia
74%
19.59.90Czech Republic
73%
16.60.20Croatia
64%
4.75.20Malta
61%

Score Distribution

Percentile by Number Answered

Percent of People with Each Score

Your Score History

You have not taken this quiz